Ces communes qui sont autre chose... - Statistiques

Statistiques générales
  • Ce quiz a été pris 195 fois
  • Le résultat moyen est 13 sur 20
Statistiques - réponses
Hint Réponse % Correct
Voiture luxueuse Cadillac
92%
Crème fouettée Chantilly
90%
Fromage suisse Gruyère
90%
Fromage odorant du Nord Maroilles
86%
Fromage à pâte molle normand Camembert
84%
Café Moka
82%
Fromage à pâte persillée du sud Roquefort
81%
Grande pagaille Capharnaüm
79%
Vin portugais Porto
79%
Rouge tirant sur le violet Bordeaux
77%
Tissu très léger corrézien Tulle
71%
Commune et pont de Normandie Tancarville
61%
Vin blanc andalou Xérès
51%
Tasse haute Mazagran
46%
Système de fermeture Crémone
38%
Hippomobile à capote Landau
38%
Etoffe de couleurs vives Madras
37%
Tissu monochrome Damas
31%
Vin de liqueur Madère
23%
Obstacle équestre Spa
20%
Aucun quiz correspondant
Distribution des résultats
% des personnes avec chaque résultat
Percentile par nombre de réponses
Votre historique - résultats
Vous n’avez pas pris ce quiz